logo

Bir Sreshtho Munshi Abdur Rouf Library
Jhenaidah Cadet College

The hunger games / (Record no. 10670)

MARC details
000 -LEADER
fixed length control field 00594nam a2200229 a 4500
001 - CONTROL NUMBER
JCCL Control Number 10670
003 - CONTROL NUMBER IDENTIFIER
JCCL marc code BD-JhCC
005 - DATE AND TIME OF LATEST TRANSACTION
control field 20221025134021.0
008 - FIXED-LENGTH DATA ELEMENTS--GENERAL INFORMATION
fixed length control field 180807s20172008nyu |||| |||| 000 0 eng d
020 ## - INTERNATIONAL STANDARD BOOK NUMBER
International Standard Book Number 9789351035961
035 ## - SYSTEM CONTROL NUMBER
system control number (BD-JhCC)10670
040 ## - CATALOGING SOURCE
Original cataloging agency BD-JhCC
Modifying agency BD-JhCC
041 ## - LANGUAGE CODE
Language code of Book eng
082 ## - DEWEY DECIMAL CLASSIFICATION NUMBER
Classification number 813.6
Author mark and Year COL 2017
100 ## - MAIN ENTRY--PERSONAL NAME
Personal name Collins, Suzanne
245 ## - TITLE STATEMENT
Title The hunger games /
Statement of responsibility, etc Suzanne Collins
260 ## - PUBLICATION, DISTRIBUTION, ETC. (IMPRINT)
Place of publication, distribution, etc New York :
Name of publisher, distributor, etc Scholastic Press,
Date of publication, distribution, etc 2017
300 ## - PHYSICAL DESCRIPTION
Pagination 374 p. :
Dimensions 21 cm.
490 ## - SERIES STATEMENT
Series statement Now a major motion picture
650 ## - SUBJECT ADDED ENTRY--TOPICAL TERM
Topical term or geographic name as entry element Science fiction
942 ## - ADDED ENTRY ELEMENTS (KOHA)
Source of classification or shelving scheme Dewey Decimal Classification
Koha item type Books
Koha issues (borrowed), all copies 29
Holdings
Source of classification or shelving scheme Damaged status Not for loan Home library Current library Shelving location Date of accession Total Checkouts Full call number Barcode Date last seen Date checked out Copy number Koha item type
Dewey Decimal Classification     JCC Rouf Library JCC Rouf Library General Stacks 08/07/2018 30 813.6 COL 2017 14193 07/30/2025 06/23/2025 C-1 Books

JCC Library | Contacts | JCC Home

Last Update on 23 September 2017
Copyright @ 2017-2020 JCC Rouf Library
Rouf Library, Jhenidah Cadet College (JCC), Bangladesh